JRの路線が3路線以上乗り入れる駅 - Statistics

General Stats
  • This quiz has been taken 3,688 times
    3,377 since last reset
  • The average score is 35 of 51
Answer Stats
駅名 所属路線 % Correct
東京 東海道本線,東北本線,総武本線他
96%
仙台 東北本線,仙山線,仙石線他
90%
大宮 東北本線,高崎線,川越線他
89%
名古屋 東海道本線,関西本線,中央本線他
87%
品川 東海道新幹線,東海道本線,山手線
86%
京都 東海道本線,山陰本線,奈良線
86%
盛岡 東北本線,田沢湖線,山田線他
85%
高崎 高崎線,上越線,信越本線他
84%
博多 山陽新幹線,九州新幹線,鹿児島本線他
84%
岡山 山陽本線,本四備讃線,津山線他
83%
広島 山陽新幹線,山陽本線,芸備線
83%
福島 東北新幹線,東北本線,奥羽本線
82%
新大阪 東海道新幹線,山陽新幹線,東海道本線他
82%
宇都宮 東北新幹線,東北本線,日光線
80%
郡山 東北本線,磐越西線,磐越東線他
79%
熊本 九州新幹線,鹿児島本線,豊肥本線
77%
新潟 信越本線,越後線,白新線他
76%
小倉 山陽新幹線,鹿児島本線,日豊本線
76%
鹿児島中央 九州新幹線,鹿児島本線,指宿枕崎線
76%
旭川 函館本線,宗谷本線,富良野線
75%
八王子 中央本線,横浜線,八高線
74%
米原 東海道新幹線,東海道本線,北陸本線
73%
姫路 山陽本線,播但線,姫新線他
73%
小山 東北本線,両毛線,水戸線他
71%
熱海 東海道新幹線,東海道本線,伊東線
68%
豊橋 東海道新幹線,東海道本線,飯田線
68%
天王寺 関西本線,大阪環状線,阪和線
68%
立川 中央本線,南武線,青梅線
67%
大分 日豊本線,久大本線,豊肥本線
66%
新山口 山陽本線,山口線,宇部線他
64%
福山 山陽新幹線,山陽本線,福塩線
63%
新青森 東北新幹線,北海道新幹線,奥羽本線
62%
久留米 九州新幹線,鹿児島本線,久大本線
62%
大船 東海道本線,横須賀線,根岸線
61%
蘇我 京葉線,内房線,外房線
60%
北上 東北新幹線,東北本線,北上線
59%
一ノ関 東北新幹線,東北本線,大船渡線
58%
尼崎 東海道本線,福知山線,JR東西線
56%
西船橋 総武本線,武蔵野線,京葉線
54%
敦賀 北陸新幹線,北陸本線,小浜線
53%
相生 山陽新幹線,山陽本線,赤穂線
53%
三原 山陽新幹線,山陽本線,呉線
53%
新庄 奥羽本線,陸羽西線,陸羽東線
52%
拝島 青梅線,五日市線,八高線
52%
小牛田 東北本線,陸羽東線,石巻線
51%
和歌山 紀勢本線,阪和線,和歌山線
51%
京橋 大阪環状線,片町線,JR東西線
50%
木津 関西本線,奈良線,片町線
46%
厚狭 山陽新幹線,山陽本線,美祢線
45%
新津 信越本線,羽越本線,磐越西線
43%
諫早 西九州新幹線,長崎本線,大村線
41%
No matching quizzes found
Score Distribution
Percent of People with Each Score
Percentile by Number Answered
Your Score History
You have not taken this quiz since the last reset